书目信息 |
| 书名: | Approaches and methods in language teaching = | |
| 作者: | Jack C. Richards and Theodore S. Rodgers著 ; 王才仁导读. | |
| 分册号: | ||
| 分册名: | 出版地: | 北京 : |
|
| 出版社: | 外语教学与研究出版社 | |
| 出版时间: | 2000. | |
| 页数: | 25, 176p. ; | |
| 开本: | 23 cm. | |
| 丛书名: | 当代国外语言学与应用语言学文库 | |
| 中图分类号: | ||
| 科图分类号: | ||
| 其他分类号: | H09 | |
| 主题词: | ||
| 电子资源: | ||
| 000 | 02041cam a2200769 a 4500 | |
| 001 | E0738990816 | |
| 003 | CAL | |
| 005 | 20070819105058.09 | |
| 008 | 030326s2000 cc rb 001 0 eng d | |
| 010 | @a 85011698 | |
| 020 | @a7560019250 :@cCNY16.90. | |
| 040 | @aECNU@cECN | |
| 050 | 4 | @aP51@b.R467 1986 |
| 082 | 04 | @a418/.007@219 |
| 090 | @aH09 | |
| 093 | @aH09@24 | |
| 099 | @dH09@ex44 | |
| 100 | 1 | @aRichards, Jack C. |
| 245 | 10 | @aApproaches and methods in language teaching = :@b语言教学的流派 / @cJack C. Richards and Theodore S. Rodgers著 ; 王才仁导读. |
| 246 | 31 | @a语言教学的流派 |
| 260 | @a北京 :@b外语教学与研究出版社,@c2000. | |
| 300 | @a25, 176p. ;@c23 cm. | |
| 440 | 0 | @a当代国外语言学与应用语言学文库 |
| 500 | @aReprint. Originally published: Cambridge : Cambridge University Press, 1986. | |
| 504 | @aIncludes bibliographical references and index. | |
| 650 | 0 | @aLanguage and languages@xStudy and teaching. |
| 700 | 1 | @aWang, Cairen(王才仁) |
| 700 | 1 | @aRodgers, Theodore S.@q(Theodore Stephen),@d1934- |
| 920 | @a231220@z2 | |
| 920 | @a232010@z1 | |
| 920 | @a231010@z1 | |
| 920 | @a243160@z2 | |
| 920 | @a242020@z2 | |
| 920 | @a244020@z2 | |
| 920 | @a244050@z2 | |
| 920 | @a211010@z1 | |
| 920 | @a212010@z2 | |
| 920 | @a211410@z1 | |
| 920 | @a237010@z1 | |
| 920 | @a231280@z2 | |
| 920 | @a211050@z2 | |
| 920 | @a237385@z2 | |
| 920 | @a211060@z1 | |
| 920 | @a215010@z2 | |
| 920 | @a243040@z1 | |
| 920 | @a246060@z0 | |
| 920 | @a251430@z2 | |
| 920 | @a244010@z1 | |
| 920 | @a246010@z1 | |
| 920 | @a222220@z1 | |
| 920 | @a236010@z2 | |
| 920 | @a211162@z1 | |
| 920 | @a241061@z1 | |
| 920 | @a211340@z1 | |
| 920 | @a223140@z1 | |
| 920 | @a211180@z2 | |
| 920 | @a211270@z1 | |
| 920 | @a222020@z2 | |
| 920 | @a221060@z1 | |
| 920 | @a211390@z1 | |
| 920 | @a242250@z2 | |
| 920 | @a246040@z1 | |
| 920 | @a242010@z1 | |
| 920 | @a222010@z1 | |
| 920 | @a242120@z2 | |
| 920 | @a214010@z2 | |
| 998 | @aECN | |
| Approaches and methods in language teaching = : : 语言教学的流派 / / Jack C. Richards and Theodore S. Rodgers著 ; 王才仁导读.-北京 : : 外语教学与研究出版社, , 2000. |
| 25, 176p. ; ; 23 cm.- (当代国外语言学与应用语言学文库) |
| Reprint. Originally published: Cambridge : Cambridge University Press, 1986.-Includes bibliographical references and index. |
| ISBN 7560019250 :CNY16.90. |
| ● |
| 相关链接 |
|
|
|
|
正题名:Approaches and methods in language teaching =
索取号:H09/x44
 
预约/预借
| 序号 | 登录号 | 条形码 | 馆藏地/架位号 | 状态 | 备注 |
| 1 | 0016998 | 300169984 | 第二样本阅览室/ [索取号:H09/x44] | 在馆 | |
| 2 | 0016999 | 300169993 | 第四借阅区/ [索取号:H09/x44] | 在馆 | |
| 3 | 0017000 | 300170008 | 第四借阅区/ [索取号:H09/x44] | 在馆 | |
| 4 | 0017001 | 300170017 | 第四借阅区/ [索取号:H09/x44] | 在馆 | |
| 5 | 0017002 | 300170026 | 第四借阅区/ [索取号:H09/x44] | 在馆 |